000 00423nam a2200181Ia 4500
005 20250603145812.0
008 250603s9999 xx 000 0 und d
020 _a0-256-09360-1
050 _aQA 76.9.588 .W48/
100 _aJeffrey L. Whitten
245 0 _aSystem Analysis & Design Methods
250 _aThird Edition
260 _aSedney
260 _c1986
300 _a868 p
650 _aSedney
942 _cBK
999 _c42901
_d42901